000 00876nam a2200253Ia 4500
003 OSt
005 20221005113412.0
006 a|||||r|||| 00| 0
007 ta
008 221004b |||||||| |||| 00| 0 pan d
020 _a9789382852858 (hbk)
_c150
024 _a11538
037 _b827, 14/03/2014, H.K. Prakashan
_cTextual
040 _aCRL
_cCRL
_bpan
041 _2pan
_apan
082 _aO153,1NSEx, Q4
100 _aਸੀਹਰਾ, ਸੁਰਿੰਦਰ
245 0 _aਹਵਨ
_b ਫ਼ਗ਼ਲ ਸੰਗ੍ਰਹਿ
260 _aਲੁਧਿਆਣਾ
_bਚੇਤਨਾ ਪ੍ਰਕਾFਨ ਭਾਰਤ
_c2014
300 _a100ਪੰ
_ccm.
650 _aਪੰਜਾਬੀ ਸਾਹਿਤ
942 _hO153,1NSEx, Q4
_cTEXL
_2cc
999 _c1028069
_d1028069